| 000 | 00518nam a22001817a 4500 | ||
|---|---|---|---|
| 003 | BDDh-ASL | ||
| 005 | 20231015031054.0 | ||
| 008 | 221222s1956 u ||||| |||| 00| 0 a d | ||
| 040 |
_aBDDh-ASL _cBDDh-ASL |
||
| 041 | _aara | ||
| 082 |
_a297 _bSIH |
||
| 100 | 1 |
_aSiddiqi, Mohammad Luqman As _96839 |
|
| 245 | 1 | 0 | _aHaqiqātul qādiy āniyah : / حقيقة القاديانية |
| 260 |
_aEgypt : _bAzhar Sharif , _c1956. |
||
| 300 |
_a53 p. : _c17 cm. |
||
| 650 | 0 |
_a Islamic Discourse _95142 |
|
| 942 |
_2ddc _cBK |
||
| 999 |
_c29814 _d29814 |
||